| 000 | 00715cab a2200241 4500 | ||
|---|---|---|---|
| 001 | X90971 | ||
| 008 | 090401t1998 xxu||||| |||| 00| 0 eng d | ||
| 035 | _a(Sirsi) u85435 | ||
| 041 | _aeng | ||
| 100 | _aLandor, E. | ||
| 245 | _aNew APC will fit members for the 21st century | ||
| 260 | _c1998 | ||
| 350 | _a0 | ||
| 490 |
_aCSM (Chartered Surveyor Monthly) _v7(6) March 1998, 52-53(2) |
||
| 520 | _aAn overview of the new model APC and what it means for candidates and employers. | ||
| 650 |
_aAPC _96216 |
||
| 650 | _aPROFESSIONAL DEVELOPMENT | ||
| 650 | _aRICS | ||
| 650 | _aTRAINEE SURVEYORS | ||
| 690 | _aMANAGEMENT-BUSINESS MANAGEMENT-PROFESSIONAL PRACTICE | ||
| 942 | _n0 | ||
| 948 | _c03/04/1998 | ||
| 999 |
_c53726 _d53726 |
||